Countries Bordering (Countries Bordering) Serbia - Statistics

General Stats
  • This quiz has been taken 103 times
  • The average score is 15 of 16
Answer Stats
Country % Correct
Albania
98%
Greece
98%
Bulgaria
96%
Croatia
95%
Montenegro
95%
Slovenia
95%
Bosnia and Herzegovina
94%
Hungary
94%
Romania
94%
Slovakia
92%
Macedonia
91%
Ukraine
91%
Kosovo
90%
Austria
87%
Turkey
86%
Moldova
84%
No matching quizzes found
Score Distribution
Percent of People with Each Score
Percentile by Number Answered
Your Score History
You have not taken this quiz